Contradictory impulses : Canada and Japan in the twentieth century (Record no. 249965)

MARC details
000 -LEADER
fixed length control field 00868nam a2200241Ia 4500
008 - FIXED-LENGTH DATA ELEMENTS--GENERAL INFORMATION
fixed length control field 191130s2008##################000#0#eng##
020 ## - INTERNATIONAL STANDARD BOOK NUMBER
ISBN 9780774814430 (acid-free paper)
082 ## - DEWEY DECIMAL CLASSIFICATION NUMBER
Classification number 327.71052 DON
245 ## - TITLE STATEMENT
Title Contradictory impulses : Canada and Japan in the twentieth century
Statement of responsibility, etc edited by Greg Donaghy and Patricia E. Roy
260 ## - PUBLICATION, DISTRIBUTION, ETC. (IMPRINT)
Place of publication Vancouver
Name of publisher UBC Press
Year of publication c2008
300 ## - PHYSICAL DESCRIPTION
Number of Pages x, 271 : ill., maps ; 24 cm.
500 ## - GENERAL NOTE
General note Includes bibliographical references and index
650 ## - SUBJECT ADDED ENTRY--TOPICAL TERM
Topical Term Canada - Foreign relations - Japan
Topical Term Canada - Relations extérieures - Japon
Topical Term Japan - Foreign relations - Canada
Topical Term Japon - Relations extérieures - Canada
700 ## - ADDED ENTRY--PERSONAL NAME
Personal name Donaghy, Greg
Personal name Roy, Patricia
991 ## -
-- 131028
Holdings
Withdrawn status Lost status Damaged status Not for loan Home library Current library Shelving location Date acquired Full call number Accession Number Price effective from Koha item type
        Anna Centenary Library Anna Centenary Library 3RD FLOOR, B WING 13.10.2020 327.71052 DON 275616 13.10.2020 English Books
        Anna Centenary Library Anna Centenary Library 3RD FLOOR, B WING 13.10.2020 327.71052 DON 492851 13.10.2020 English Books

Find us on the map